00789nam a2200277Ia 450000500170000000800460001702000180006303700100008104000080009104000080009904000080010704100080011504100080012308400080013110000340013924500510017324500670022426000230029126000090031436500050032336500080032885600530033694200100038999900210039995200910042020260324143652.0008 260324s9999 xx 000 0 eng d a9781315748269 aEBOOK aCRL beng cCRL 2eng aeng qCRL aMurray G. H. Pittock91216488 4aThe Invention of Scotland (Routledge Revivals) 4bThe Stuart Myth and the Scottish Identity, 1638 to the Present bTaylor and Francis c1991 a b240 uhttp://www.taylorfrancis.com/books/9781315748269 cEBOOK c1822153d1822153 00104070aCRLbCRLd2026-03-24l0pCL2104312r2026-03-24 14:36:52w2026-03-24yEBOOK